[Event "Turnier 40 / 120"]
[Site "Wien"]
[Date "2023.01.13"]
[Round "35"]
[White "Mephisto Atlanta SH7034 - 20 MHZ"]
[Black "Mephisto London 68000 - 12 MHZ"]
[Result "1-0"]
[BlackElo "2194"]
[WhiteElo "2192"]

1. e4 e5 2. Nf3 Nf6 3. Nxe5 d6 4. Nf3 Nxe4 5. d4 d5 6. Bd3 Bd6 7. O-O O-O
8. c4 {Buchende} c6 9. Nc3 Nxc3 10. bxc3 dxc4 11. Bxc4 Bg4 {Buchende} 12.
Re1 Qf6 13. Qb3 b5 14. Be2 Re8?? {ein Verlustzug, danach ist die Partie
bereits verloren, nötig war Sd7} 15. Bg5 Qf5 16. Bxb5?? {ein
grottenschlechter Zug, der den gesamten Vorteil auf einen Schlag verspielt,
die Stellung ist wieder im Lot, gewonnen hätte h3} Nd7 {besser ist Tf8} 17.
Bxc6 Bxf3 18. Bxf3 Qxg5 19. Bxa8 Rxa8 20. Rad1 Rc8 {besser ist Tb8} 21. c4
Nf8? {ein schwacher Zug, danach ist Weiss klar im Vorteil, deutlich besser
ist Dd8} 22. c5 Bf4 23. g3 a5? {ein ganz schlechter Zug, danach ist die
Partie bereits klar verloren, deutlich mehr Widerstand leistet Lc7} 24. Qb7
Rb8 25. Qa7? {weit schwächer als Df3, Weiss bleibt aber klar im Vorteil}
Qg4 26. Qxa5 Rb2?? {wohl der endgültige Verlustzug, danach ist Weiss
bereits mit +5,00 im Vorteil, deutlich mehr Widerstand leistet Se6} 27.
Qa3! Rb8 28. d5 Bg5 29. c6 Qc4 30. Qd3 Qc5 31. Re2 {deutlich stärker ist
Dd4} Qd6 32. Qf5 Bf6 33. Rc1 g6 34. Qg4 {deutlich stärker ist Df4} Bd8 35.
Re8 Bb6 36. Rxb8 Qxb8 37. Kg2 Qe5 38. Qc4 Bc7 39. f4?? {ein ganz schlechter
Zug, um ganze 4 Bauerneinheiten !! schlechter als Td1, dennoch steht Weiss
klar besser mit ca. +2,50} Qe3 40. Rb1??? {ein Katastrophenzug, danach ist
die Partie bereits Remis, gewonnen hätte Td1} Qd2+ 41. Kh3 Qe3?? {ein
Verlustzug, danach ist die Partie sofort verloren und Weiss mit ca. +5,00
im Vorteil, der rettende Zug, der das Remis gesichert hätte war allerdings
eine harte Nuss: h5 !} 42. Rb7 Qe7 43. a4 Qd8 44. Kg2 h5 45. Qc5 h4 46. a5!
h3+? {es spielt keine Rolle mehr, aber warum den Bauern herschenken und
nicht hxg3 ?} 47. Kxh3 Bd6 48. Qc3 Qc8+ 49. Kg2 Qf5 50. Qc4 Bxf4 51. gxf4
{Rest geschenkt} 1-0
[/pgn]
[pgn]

[Event "Turnier 40 / 120"]
[Site "Wien"]
[Date "2023.01.13"]
[Round "36"]
[White "Mephisto London 68000 - 12 MHZ"]
[Black "Mephisto Atlanta SH7034 - 20 MHZ"]
[Result "1-0"]
[BlackElo "2192"]
[WhiteElo "2194"]

1. d4 d5 2. c4 dxc4 3. Nf3 Nf6 4. e3 e6 5. Bxc4 {Buchende} Nbd7 {Buchende}
6. O-O Bd6 7. Nc3 O-O 8. e4 e5 9. Bg5 exd4? {ein schlechter Zug, danach
steht Weiss bereits klar besser, deutlich besser ist c6} 10. Qxd4 Bc5 11.
Qd3 h6 12. Bf4 Nh5 13. Be3 Bxe3 14. Qxe3 Nb6 15. Bb3 Qe7 16. e5 Be6 17. Qe4
c5 {besser ist Tae8} 18. Rfd1 Bxb3 19. axb3 Rfe8 20. Nb5 {besser ist Te1}
Nf6 {besser ist Tad8} 21. Qf5 Nfd5 22. Nd6 Red8 23. Qc2 Qd7? {ein
schlechter Zug, danach steht Weiss bereits klar auf Gewinn, deutlich mehr
Widerstand leistet Td7} 24. Qxc5 Nf4 25. h3 Nxh3+ {also das ist einfach nur
absurd und kann nur als klarer PROGRAMMFAHLER bezeichnet werden, Atlanta
bewertet das nur mit -0,5 / Mephisto London 68000 sofort mit +2,20, sorry
aber hier vergeht mir die Lust auf eine Fortsetzung: Userentscheidung: 1-0}
1-0
[/pgn]
[pgn]

[Event "Turnier 40 / 120"]
[Site "Wien"]
[Date "2023.01.14"]
[Round "37"]
[White "Mephisto Atlanta SH7034 - 20 MHZ"]
[Black "Mephisto London 68000 - 12 MHZ"]
[Result "0-1"]
[BlackElo "2194"]
[WhiteElo "2192"]

1. e4 c6 2. Nf3 d5 3. Nc3 Bg4 4. h3 Bxf3 5. Qxf3 Nf6 6. d3 e6 7. Be2
{Buchende} Nbd7 {Buchende} 8. O-O Bd6 9. exd5 cxd5 10. Nb5 Bb8 11. Bf4 a6
12. Bxb8 Rxb8 13. Nd4 O-O 14. c3 Qc7 15. Nb3 Rbc8 16. d4 Ne4 17. Rfe1 Ndf6
18. Bd3 Rfd8 19. Qe3 b5 20. a3 h6 21. Qe2 Rb8 22. Nd2 Nxd2 23. Qxd2 Nh5 24.
Re5 Nf6 25. Rae1 a5 26. R5e3 b4 27. Ra1? {ein schlechter Zug, danach steht
Schwarz etwas besser mit ca. +0,50, deutlich besser ist cxb4 mit leichtem
Vorteil für Weiss} bxc3 28. bxc3 Rdc8 29. Bc2 Rb6 30. Rb1 Rxb1+ 31. Bxb1
Qd6 32. Qa2 Rb8 33. Bd3 a4 34. Bc2 Qc6 35. g4 {ein schlechter Zug, deutlich
besser ist Da1, danach ist Schwarz bereits mit ca. +0,90 im Vorteil} Ne8!
{richtig} 36. f4??? {ein Verlustzug, danach ist die Partie sofort verloren,
nötig war immer noch Da1, das konnte den Schaden noch in Grenzen halten,
nach dem Textzug ist alles aus und Schwarz bereits mit +3,00 im Vorteil}
Nd6! {sonnenklar, was sonst} 37. Qa1 {einfach zu spät} Nc4 38. Re2 Qd6 39.
Bxa4 Qxf4 40. Qe1 Nxa3? {weit schwächer als Df3, aber natürlich völlig
ausreichend, Schwarz ist mit ca. +3,00 im Vorteil, nach Df3 wäre es schon
+5,00 gewesen, büsst also 2 ganze Bauerneinheiten ein, aber es spielt keine
Rolle mehr, hier gewinnt praktisch schon jede plausible Fortsetzung} 41.
Kg2 Rb1 42. Qf2??? {danach ist endgültig alles aus, büsst ganze 4
Bauerneinheiten ein, nötig war Tf2, -7,00} Qc1! {richtig} 43. Kg3 Qxc3+
{Rest geschenkt} 0-1
[/pgn]
[pgn]

[Event "Turnier 40 / 120"]
[Site "Wien"]
[Date "2022.09.06"]
[Round "38"]
[White "Mephisto London 68000 - 12 MHZ"]
[Black "Mephisto Atlanta SH7034 - 20 MHZ"]
[Result "0-1"]
[BlackElo "2192"]
[WhiteElo "2194"]

{Analyse -----> Komodo 13.02.} 1. e4 e5 2. Nf3 Nc6 3. d4 exd4 4. Nxd4 Nf6
5. Nxc6 bxc6 6. e5 Qe7 {Buchende} 7. Qe2 Nd5 8. c4 Ba6 9. Nd2 Nb4 10. Nf3
d5 {besser ist c5} 11. a3 Bxc4 12. Qd1 Bxf1 13. Kxf1 Na6 14. Qa4 Nb8 15.
Bg5 Qe6 16. Rc1 {Buchende / enormer Buchvorteil für Mephisto London 68000
in dieser Variante, der um 10 Züge !!! mehr im Buch hat als sein Gegner und
hier bereits mit einem Zeitvorsprung von 42 Minuten !! startet, obendrein
steht Weiss lt. Komodo noch klar besser mit ca. +0,80 / diese Eröffnung
wurde auch im Match gegen Magellan gespielt, damals verlor Mephisto London
68000} h6 17. Be3? {das ist allerdings nicht ideal und verspielt den
gesamten Vorteil, danach ist die Stellung im Lot} Qd7??? {aber Mephisto
Atlanta macht wie sein Bruder Magellan den nächsten praktisch schon
spielentscheidenden Fehler, nach dem Textzug ist die Partie bereits
verloren, Komodo -2,00 mit der Fortsetzung e6, nötig war Le7 mit Ausgleich}
18. Qb3 {eine echte Kuriosität, exakt wie gegen Magellan nimmt sich hier
Mephisto London 68000 ganze 14 Minuten Bedenkzeit, gegen den hatte er
damals den klar besseren Zug 18. e6 ! gespielt, trotzdem hat Mephisto
London 68000 hier Glück mit dieser Wahl, denn in der Partie gegen Magellan
hatte er in der Folge sofort nach 18. Dxe6, den Verlustzug 19. Lxa7 ??
gespielt und damit die Partie verloren, das bleibt ihm hiermit erspart,
obwohl er den schlechteren Zug macht, aber auch danach steht Weiss klar
besser mit ca. +1,30 / eigentlich unerklärlich warum Mephisto London bei
Verwendung gleicher Bedenkzeit und gleichem Spielstil diesmal zu einem
anderen Schluss kommt, irgendwie muss da so eine Art Zufallsgenerator auch
im Spiel sein, sonst hätte ich dafür keine Erklärung.} Qc8 19. Ke2?
{verspielt auf einen Schlag den gesamten Vorteil, danach ist die Stellung
im Lot, nötig war Kg1} Be7 20. Rhd1 O-O 21. Kf1 {Mephisto London 68000:
-0,03} Rd8 {warum sich Mephisto Atlanta in dieser Stellung mit +1,4 ?? im
Vorteil sieht, bleibt wohl auch sein eigenes Geheimnis, recht hat Mephisto
London 68000, die Stellung ist etwa gleich} 22. Kg1 a5 23. h3 Ra6 24. Rc3
Kh8? {wenn einem nichts einfällt} 25. Rcc1 Nd7 26. Rc2 Qa8 27. Qd3? {ein
schlechter Zug, danach steht Schwarz bereits klar besser, Komodo +1,60,
deutlich besser ist T2c1} c5! {richtig} 28. Kf1 d4 29. Bf4 Rg6 30. Rdd2 Nb6
31. Rd1 Nd5 32. Bd2 Rb6 33. Ne1 Qb7 34. Bc1 Qc6 35. Bd2 a4 36. Qc4 Rbb8 37.
Nd3 {nach kleineren Ungenauigkeiten, die sich summieren ist die Stellung
bereits klar verloren für Weiss, Komodo -2,70} Qg6! {richtig} 38. Ba5 Ra8!
{Mephisto Atlanta spielt stark in dieser Phase} 39. Bd2 Nb6 40. Nf4 Qf5 41.
Qd3 Qxe5 42. Re1 Qd6 43. Qf5 Kg8 44. Nh5?? {ein ganz schlechter Zug, damit
begräbt Weiss alle Chancen, Komodo -4,70 mit der Fortsetzung g6, deutlich
mehr Widerstand leistet noch Sd3 mit ca. -3,00} Nd5 {klar schwächer als g6,
aber Schwarz bleibt natürlich klar in Vorteil, Komodo +3,30} 45. Qg4 Bf8
46. Kg1 Rab8 47. Qe4 Re8 48. Qf5? {deutlich besser ist noch Dxe8, Komodo
-7,50} Rxe1+ 49. Bxe1 Rd8? {ein schlechter Zug, der Weiss noch am Leben
lässt, klar gewinnt auch das aber nach dem auch von Mephisto London 68000
erwarteten Zug 49. De6 !! wäre natürlich alles erledigt gewesen, das
erzwingt einen Damentausch und Schwarz verbleibt mit 2 Mehrbauern und einem
weit vorgerückten, gedeckten Freibauern, der Rest spielt sich dann von
selbst, aber auch nach dem Textzug ist die Stellung natürlich klar gewonnen
für Schwarz, Komodo +5,00} 50. Bd2 Qb6 51. Qd3 Qb3! {Komodo +7,50} 52. Qxb3
axb3 53. Rc1 Nb6 54. g4 Na4 55. Rb1 c4 56. Bf4 Bd6 57. Bxd6 cxd6 58. Ng3
Rb8 59. Nf5 c3 {Rest geschenkt} 0-1
[/pgn]
[pgn]

[Event "Turnier 40 / 120"]
[Site "Wien"]
[Date "2023.01.15"]
[Round "39"]
[White "Mephisto Atlanta SH7034 - 20 MHZ"]
[Black "Mephisto London 68000 - 12 MHZ"]
[Result "1-0"]
[BlackElo "2194"]
[WhiteElo "2192"]

{Analyse ---> Komodo 13.02.} 1. e4 c6 2. c4 d5 3. exd5 cxd5 4. d4 Nf6 5.
Nc3 e6 6. Nf3 Bb4 7. Bd3 dxc4 8. Bxc4 O-O 9. O-O b6 10. Bg5 Bb7 11. Re1
{Buchende} Nbd7 {Buchende} 12. Rc1 h6 13. Bxf6 Nxf6 14. Ne5 Be7 15. Nxf7
Kxf7??? {Mephisto London 68000: +0,54 / hier irrt er aber gewaltig, ein
echter Megabock, der die Partie sofort verliert, Komodo -7,50 !! , nach
Txf7 wäre die Stellung im Lot gewesen} 16. Bxe6+ {Mephisto Atlanta sieht
sich in der 1. Sekunde der Berechnung bereits mit +2,4 im Vorteil} Ke8 17.
Qa4+ Nd7 18. Nb5 Rc8?? {auch das ist nochmals um ganze 5 Bauerneinheiten
schlechter als Tf6, an dieser Stelle aber schon egal, Komodo -13,00} 19.
Rxc8 Bxc8 20. Qc2 Rf4 21. Nc7+ Kf8 22. Qh7 Bb4 {Matt in 9 / Mephisto London
68000: -12,9 ----> aufgegeben !!} 1-0
[/pgn]
[pgn]

[Event "Turnier 40 / 120"]
[Site "Wien"]
[Date "2023.01.16"]
[Round "40"]
[White "Mephisto London 68000 - 12 MHZ"]
[Black "Mephisto Atlanta SH7034 - 20 MHZ"]
[Result "0-1"]
[BlackElo "2192"]
[WhiteElo "2194"]

{Analyse ----> Komodo 13.02.} 1. d4 Nf6 2. c4 e5 3. dxe5 Ng4 4. Bf4 Nc6 5.
Nf3 Bb4+ 6. Nbd2 Qe7 7. e3 Ngxe5 8. Nxe5 Nxe5 9. Be2 d6 {Buchende} 10. O-O
O-O {Buchbewertung Mephisto Atlanta: -0,4} 11. Nb3 {Buchende} Ng6 12. Bg3
{Buchbewertung Mephisto London 68000: +0,30 lt. Komodo steht Weiss klar
besser mit ca. +0,80} Be6 13. a3 Bc5 14. Nxc5 dxc5 15. Qb3 c6 16. Rad1 Rfd8
17. Qc3 Bf5 18. b3 b6 19. Bh5 b5 {weniger gut, besser ist f6} 20. Bf3 b4
21. Qb2 Be4 22. Bg4 bxa3? {das ist natürlich grottenschlecht, das braucht
man nicht lange grossartig zu erklären, nach diesem Zug ist die
Bauernstruktur von Schwarz am Damenflügel einfach nur noch eine Ruine mit
dem Doppelbauern auf C, der ständig nur verteidigt werden muss und dem
unsäglichen Isolani auf A, eine Katastrophe !!! (der Fairness halber sei
noch gesagt, auch Mephisto London 68000 hätte diesen in den Augen
brennenden Zug gemacht, völlig unverständlich), unnötig zu sagen dass
danach Schwarz ganz schlecht steht wundert mich fast, dass Komodo das "nur"
mit -0,90 bewertet, also was für diesen Zug sprechen soll werde ich wohl
nie verstehen.} 23. Qxa3 Nh4 24. f3 Bd3? {ganz schwach, deutlich besser ist
Lc2, Komodo -1,20} 25. Rfe1 Bc2 26. Rxd8+ Rxd8 27. Qb2? {deutlich schwächer
als Dc1, verspielt nahezu den gesamten Vorteil, Komodo nur noch +0,30 mit
der Fortsetzung Td2} Rd2 28. Bh3 Ng6 {weniger gut, besser ist Dd8, Komodo
-0,70} 29. Bf5 Rxg2+??? {hier tritt leider wieder der schon öfter gesehene
PROGRAMMFEHLER von Atlanta auf, die Qualität ist bitte nicht nur einen
Bauern wert, dieser Zug ist einfach nur absurd, danach ist die Partie
sofort verloren, Komodo -3,00, nach Df6 !! wäre noch gar nichts verloren
gewesen mit nur -0,70 (das hatte auch Mephisto London 68000
vorgeschlagen).} 30. Kxg2 Bxf5 31. e4 Be6 32. Ra1? {deutlich schwächer als
f4, büsst ca. 1 Bauerneinheit ein, aber natürlich völlig ausreichend,
Komodo +2,00} h5 33. Kh1 h4 34. Be1 Nf4 35. Bc3? {weit schwächer als Ld2
büsst neuerlich 1 Bauerneinheit ein, nun muss Mephisto London 68000
allmählich wieder aufpassen, das nicht noch aus der Hand zu geben, Komodo
nur noch +1,00 mit der Fortsetzung Lg4} Bg4! 36. Qf2 Bh5 37. Qe3 Ne6
{besser ist g5, um den Springer auf dem starken Feld f4 zu halten} 38. Rf1
Qb7 39. Be5 f6 40. Bd6 {besser ist Lb2, so allmählich schmilz der Vorteil
von Weiss dahin, Komodo nur noch +0,50} Qd7 41. e5? {eigentlich nicht zu
fassen, nun verspielt Mephisto London 68000 den gesamten Vorteil, nach dem
Textzug ist die Partie bereits Remis, Komodo 0,00 mit der Fortsetzung Sd4,
Vorteil versprach noch Lxc5} fxe5? {Mephisto Atlanta verpasst diese
Riesenchance auf das Remis, nach dem Textzug ist die Partie verloren,
Komodo -1,80, Mephisto London 68000 hätte den richtigen Zug Sd4
vorgeschlagen} 42. Bxe5 Nd4 43. f4? {Mephisto London 68000 verschenkt
neuerlich den Sieg, danach ist die Partie wieder Remis mit der Fortsetzung
h3 oder Df5, gewonnen hätte Lxd4} Nc2? {dieses Endspiel geht weit über die
Möglichkeiten beider Geräte hinaus Atlanta findet keinen der beiden
möglichen Züge, auch diese Remischance verspielt Atlanta, nach dem Textzug
ist die Partie wieder verloren, Komodo -1,30} 44. Qc3? {eigentlich sinnlos,
das noch zu kommentieren, verschenkt neuerlich den Sieg, danach ist es
wieder Remis, gewonnen hätte De4} Qf5! {da schau her einer der wenigen
richtigen Züge} 45. Rf2??? {also dieser Zug darf doch einfach nicht wahr
sein, was für ein Megabock, sowas sieht man wirklich selten, Komodo -25,00
!! mit der Fortsetzung De4+, unfassbar nun verliert Mephisto London 68000
diese Partie sogar noch, pfffff !!!} Qe4+! {na klar, Atlanta: +1,5 !} 46.
Kg1 Ne3! {richtig} 47. Qb2 h3! {richtig, Komodo Matt in 13} 48. Bc3 Qg6+
49. Kh1 Nd1 50. f5 Qg5 51. Rg2 Qxf5 52. Rxg7+ {Matt in 7 / Mephisto London
68000: -16,7 ---> aufgegeben !! / was für eine unnötige Niederlage für
Mephisto London 68000 !!} 0-1
[/pgn]
[pgn]

[Event "Turnier 40 / 120"]
[Site "Wien"]
[Date "2023.01.16"]
[Round "41"]
[White "Mephisto Atlanta SH7034 - 20 MHZ"]
[Black "Mephisto London 68000 - 12 MHZ"]
[Result "1/2-1/2"]
[BlackElo "2194"]
[WhiteElo "2192"]

{Analyse ----> Komodo 13.02.} 1. d4 Nf6 2. c4 g6 3. Nc3 Bg7 4. e4 d6 5. g3
O-O 6. Bg2 e5 7. Nge2 Nc6 8. d5 Nd4 {Buchende} 9. O-O {Buchende} Bg4
{Buchbewertung Mephisto London 68000: +0,33} 10. f3 {Buchbewertung Mephisto
Atlanta: +0,3 / lt. Komodo steht Weiss etwas besser mit ca. +0,50} Nxe2+
11. Qxe2 Bd7 12. Be3 Ne8 13. Rae1 a5 14. Qd2 Qe7 15. a3 f5 16. exf5 gxf5
17. b4 Qf7 18. b5 f4 19. gxf4 exf4 20. Bf2 Qf6 21. Ne4 Qg6? {ein schlechter
Zug, danach steht Weiss klar besser, nötig war Db2, Komodo -1,10} 22. Kh1
Nf6 23. Rg1 Nxe4 24. Rxe4 Bf5? {ein schlechter Zug, danach ist die Partie
praktisch schon verloren, Komodo -2,00, besser ist Dh6} 25. Rxf4 {besser
ist Lh3, Komodo +1,50} Qh6 26. Bd4? {ein schlechter Zug, der den Vorteil
von Weiss etwa halbiert, Komodo +0,70, deutlich besser ist c5} Rf7? {in
dieser komplizierten Stellung können beide Geräte nicht die optimalen Züge
finden, ebenfalls ganz schlecht, verdoppelt wieder den Nachteil von
Schwarz, Komodo -1,30, nötig war Lg6} 27. Bc3? {wie gehabt, gleich ist der
Vorteil wieder halbiert, Komodo +0,70, nötig war Le3} Raf8 28. Bxa5 Ra8 29.
Bb4 b6 30. Bf1 Bg6 {trotz 2 Mehrbauern ist Weiss nur mit ca. +1,00 im
Vorteil lt. Komodo} 31. Rxf7 Kxf7 32. f4? {ein ganz schlechter Zug, der
nahezu den gesamten Vorteil verspielt, Komodo nur noch +0,30 für Weiss mit
der Fortsetzung Le4+, deutlich besser ist Dxh6 mit ca. +1,00} Kg8?
{Mephisto London verpasst die Chance auf den annähernden Ausgleich, nach
dem Textzug ist Weiss wieder klar im Vorteil mit ca. +1,30} 33. Bd3 Kh8
{besser ist Tf8, Komodo -2,20} 34. Bxg6 hxg6 35. Qg2? {ein schlechter Zug,
der den Vorteil von Weiss fast halbiert, Komodo +1,30 mit der Fortsetzung
Dxf4, deutlich besser ist De3 mit ca. +2,30} Qxf4 36. Qxg6 Qf3+ 37. Qg2 Rf8
38. Qxf3 Rxf3 39. Rg4 Rb3 40. Rh4+ {deutlich schwächer als Kg2, Komodo
+1,00} Kg8 41. Re4? {verspielt nahezu den gesamten Vorteil, Weiss ist trotz
der 2 Mehrbauern nur noch hauchdünn im Vorteil mit ca. +0,20, die Stellung
ist praktisch schon Remis} Be5! {richtig, aber Mephisto London 68000 sieht
sich klar im Nachteil, klar für einen Oldie zählen halt die 2 Minusbauer:
Bewertung: -1,93, die Bauern sind aber nicht mehr zu verwerten, am
Damenflügel alles blockiert, der A-Bauer kann niemals vorrücken wegen der
Bedrohung des Läufers auf b4 durch den schwarzen Turm und der eine
Randbauer wie soll der am schwarzen König vorbeikommen ?, ja klar eine
Top-Engine erkennt das, natürlich darf man da nicht so streng sein zu den
Oldies, klar sehen die Weiss deutlich im Vorteil, ändert aber wohl nichts
daran es sieht nach Remis aus.} 42. Kg1 {Mephisto Atlanta ist eigentlich
für einen Oldie eh nicht gar so optimistisch, trotz 2 Mehrbauer "nur" +1,3,
da hat er eigentlich ein gutes Gespür} Rh3? {so schnell kann es gehen,
dieser Zug gibt den Angriff auf den Läufer b4 auf und ermöglich Weiss den
Vorstoss a4, der die Partie entscheidet, Komodo -2,00} 43. Re2? {darauf
kommt aber Atlanta nicht, verschenkt gleich wieder den gesamten Vorteil}
Kf7 44. Rg2 {minimalen Vorteil versprach noch Ta2, nach dem Textzug ist das
Remis bereits besiegelt, Komodo 0,00} Rh4 45. Rc2 Rg4+? {ein sinnloses
Schachgebot, das Weiss wieder etwas in Vorteil bringt, Komodo +0,80, besser
ist Th3 gefolgt von der Rückkehr des Turmes nach b3 und das Remis ist
gesichert} 46. Kf1 Rh4 47. a4 Ke7 48. a5 bxa5 49. Bxa5 Kd7 50. Kg1 Rg4+ 51.
Kh1 Bd4 52. Rg2 Rf4 53. Rd2 Rh4 54. Bb4 Be5 55. Rc2 Re4 56. Ba5 Rf4 57. b6
cxb6 58. Bxb6 Rf8? {ein ganz schlechter Zug, danach ist die Partie
praktisch verloren, nötig war Th4, was auch Atlanta vorgeschlagen hätte,
Komodo -1,60} 59. Re2! {richtig} Rf1+ {ein sinnloses Schachgebot, dass die
Lage noch verschlimmert, deutlich mehr Widerstand leistet Tf5, Komodo
-2,20} 60. Kg2 Rf6 61. Be3 Rg6+ 62. Kf3 Rg8 63. Bf4 Bxf4 64. Kxf4 Rf8+ 65.
Ke4 Rc8 66. Kd4 Rh8 67. Kc3 Kc7 68. Ra2 {die Stellung ist klar verloren für
Schwarz, Komodo -5,50} Rh4 69. Kb4 Kb6 70. Rb2 Rg4 71. Re2 Rh4 72. Rf2 Rh8
73. Rg2 {Komodo +8,00, aber noch ist es trotzdem nicht gewonnen, Weiss muss
noch auf die Idee kommen den Turm auf Reihe 6 zu bringen und den schwarzen
D-Bauern attackieren, ob dafür die nötige Rechentiefe reicht ist gar nicht
so einfach, denn dann hängt ja auch der H-Bauer, für eine Top-Engine
natürlich kein Problem, aber Endspiele und Oldies, das muss erst mal noch
gewonnen werden.} Rh6 74. Rb2 Rh4 75. Rc2 {Atlanta hat einfach nicht die
richtige Idee} Rh3 {es wird immer mehr zum Problem, klar gewinnt nur Tg2
oder Tf2 mit dem Plan auf die 6. Reihe zu kommen, aber diese Züge sind
leider für Atlanta schon tabu, denn dort war er bereits mit dem Turm es
sind also beide Gewinnzüge eine Stellungswiederholung und somit 0,00 für
Atlanta, wie soll er nun gewinnen ?, für Komodo ist es natürlich eine
Fehlerkorrektur und es gewinnt Tg2, sonnenklar.} 76. Rd2 {wie gesagt} Rh7
77. Rd1? {Atlanta hat schon alle Felder auf der 2. Reihe mit dem Turm
abgeklappert daher entscheidet er sich jetzt den H-Bauern aufzugeben, noch
mit +0,8 Vorteil seiner Meinung nach, ist eigentlich klar, denn jeder
andere Turmzug ist 0,0 für ihn, somit verschenkt er hier den klaren Sieg,
danach ist es natürlich sofort Remis} Rxh2 {Userentscheid: Remis} 1/2-1/2
[/pgn]
[pgn]